| 000 | 00490nam a2200181Ia 4500 | ||
|---|---|---|---|
| 005 | 20250508160830.0 | ||
| 008 | 008 250505s9999 xx 000 0 eng d | ||
| 037 | _aTextual | ||
| 040 |
_aFEDL _beng _cFEDL |
||
| 041 |
_aeng _2eng |
||
| 084 |
_a370.15, JAY _qFEDL |
||
| 100 |
_aJayaswal Sitaram _9761761 |
||
| 245 | 0 | _aFoundation of education psychology | |
| 300 | _a613p | ||
| 650 | _aEducation - Psychology | ||
| 942 |
_cTEXL _h370.15, JAY |
||
| 999 |
_c1366866 _d1366866 |
||